[Event "Moscow Victory Day-A"]
[Site "Moscow"]
[Date "2008.04.24"]
[Round "1"]
[White "Manakova, Maria"]
[Black "Okara, Andrey"]
[Result "0-1"]
[WhiteElo "2332"]
[BlackElo "2407"]
[PlyCount "154"]
[EventDate "2008.04.24"]
[EventType "tourn"]
[EventRounds "13"]
[EventCountry "RUS"]
[EventCategory "7"]
[SourceTitle "CBM 124 Extra"]
[Source "ChessBase"]
[SourceDate "2008.07.03"]
[SourceVersion "1"]
[SourceVersionDate "2008.07.03"]
[SourceQuality "1"]

1. e4 e5 2. Nf3 Nc6 3. d4 exd4 4. Nxd4 Bc5 5. Be3 Bb6 6. Nc3 Nf6 7. Nxc6 bxc6 8. e5 Bxe3 9. exf6 Bh6 10. Qe2+ Kf8 11. fxg7+ Kxg7 12. Qg4+ Qg5 13. Qxg5+ Bxg5 14. h4 Re8+ 15. Be2 Bf6 16. Kd2 Rb8 17. Rab1 Rb4 18. g3 c5 19. Bd3 Bb7 20. Rhf1 Bg2 21. Rg1 Bf3 22. a3 Rb6 23. b3 Bd4 24. Rbf1 Rbe6 25. Nb5 Be5 26. Nc3 d5 27. Nd1 Bd4 28. Nc3 c6 29. Nd1 Kg8 30. Kc1 Bg7 31. Nb2 c4 32. bxc4 Rb8 33. c3 Bxc3 34. Nd1 Bd4 35. Re1 Rb3 36. Kd2 Rxa3 37. Rxe6 fxe6 38. Ne3 Ra2+ 39. Nc2 e5 40. cxd5 Bxd5 41. Re1 Kg7 42. f4 exf4 43. gxf4 Bf6 44. h5 Ra4 45. Rg1+ Kh6 46. Ne3 Rxf4 47. Nxd5 cxd5 48. Rb1 Bg5 49. Ke2 Rf7 50. Rb5 Kxh5 51. Rxd5 Kg4 52. Rd4+ Kg3 53. Rd5 h6 54. Rf5 Re7+ 55. Kf1 Bf4 56. Be2 Rc7 57. Bd1 Rc1 58. Ke1 Ra1 59. Rd5 a5 60. Rd3+ Kg2 61. Rd4 Be5 62. Rd2+ Kg1 63. Ke2 a4 64. Kf3 Kf1 65. Bc2 a3 66. Rf2+ Kg1 67. Rg2+ Kh1 68. Be4 Re1 69. Bd5 Rd1 70. Be4 Rd4 71. Bc6 Rc4 72. Bd5 Rf4+ 73. Ke3 Rd4 74. Bc6 Rc4 75. Bd5 Rc3+ 76. Kd2 Rc5 77. Be4 a2 0-1

[Event "Moscow op-A 04th"]
[Site "Moscow"]
[Date "2008.02.05"]
[Round "4"]
[White "Kurnosov, Igor"]
[Black "Okara, Andrey"]
[Result "1-0"]
[WhiteElo "2577"]
[BlackElo "2402"]
[PlyCount "67"]
[EventDate "2008.02.02"]
[EventType "swiss"]
[EventRounds "9"]
[EventCountry "RUS"]
[SourceTitle "CBM 122 Extra"]
[Source "ChessBase"]
[SourceDate "2008.03.04"]
[SourceVersion "1"]
[SourceVersionDate "2008.03.04"]
[SourceQuality "1"]

1. e4 e5 2. Nf3 Nc6 3. Bb5 a6 4. Ba4 Nf6 5. 0-0 Be7 6. d3 d6 7. c3 0-0 8. Re1 b5 9. Bc2 Re8 10. Nbd2 Bf8 11. Nf1 h6 12. Ng3 Bb7 13. d4 g6 14. h4 Bc8 15. h5 Nxh5 16. Nxh5 gxh5 17. d5 Ne7 18. Nh2 h4 19. Ng4 Bxg4 20. Qxg4+ Ng6 21. g3 Kh7 22. Qh5 hxg3 23. fxg3 Qf6 24. Rf1 Qg7 25. Kh2 Nh8 26. Be3 Be7 27. Rf5 Qg6 28. Qh3 Kg7 29. Bd1 Bg5 30. Bh5 Qh7 31. Raf1 Re7 32. Bxg5 hxg5 33. Rxg5+ Ng6 34. Qf5 1-0